000 01019nam a22002177a 4500
999 _c777
_d777
005 20251125232733.0
008 th tha d
040 _aNALT
041 _atha
050 _aDS 582
_bช58
100 0 _aชาลี เอี่ยมกระสินธุ์
_917722
245 1 0 _aจารึกสยาม /
_cชาลี เอี่ยมกระสินธุ์.
260 _aกรุงเทพฯ :
_bประพันธ์สาส์น,
_cม.ป.ป..
300 _a239 หน้า :
_bภาพประกอบ
600 0 0 _aจุลจอมเกล้าเจ้าอยู่หัว,
_cพระบาทสมเด็จพระ,
_d2396-2453
_94399
651 0 _aไทย
_xประวัติศาสตร์
_yกรุงรัตนโกสินทร์, 2394-2475
_917728
850 _aNALT
856 4 0 _uhttps://hdl.handle.net/20.500.14156/371603
_71
942 _cGB
_2lcc
998 _j104
_k สายฝน ดีงาม